000 01162nam0a2200313 4500
001 RU\NLR\bibl\901165
005 20250614180112.0
010 _a5-94157-662-5
_93000
021 _aRU
_b2005-80624
_93983
035 _a(NLR Aleph) 000889598
090 _a1709982
_c1709982
100 _a20060127d2006 |||y0rusy50 ca
101 0 _arus
102 _aRU
105 _aa |||||||||
200 1 _aP-CAD 2004
_fАлександр Лопаткин
210 _aСанкт-Петербург
_cБХВ-Петербург
_d2006
215 _a545 с.
_cил.
_d24
300 _aНа 4-й с. обл. авт.: Лопаткин А.В., к.т.н., доц.
320 _aБиблиогр.: с. 541 (11 назв.)
320 _aПредм. указ.: с. 542-545
606 1 _aP-CAD 2004, система автоматизированного проектирования печатных плат
_92416315
_3RU\NLR\auth\661439301
686 _aЗ844.16-02-5-05
700 1 _aЛопаткин
_bА. В.
_gАлександр Викторович
_4070
801 0 _aRU
_bNLR
_c20060127
_grcr
801 1 _aRU
_bNLR
_c20060127
942 _cBOOK
980 _aNB